00443nam a2200157Ia 45000010006000000050017000060080041000230410008000640820018000721000027000902450111001172600009002283000032002376500008002696540008002771276820260306163005.0260306t2004||||xx |||||||||||||| ||spa|| aESP aRD 230.3bD44 aDeferrari, Roy J.eAUT 2aA lexicon of Saint Thomas Aquinas:bbased on the Summa Theologica and selected passages of his other works c2004 ax, 1185 páginas :c29 cm. aGEN aCHU